000 00564nam a2200205 4500
001 68675
003 BD-RjUL
005 20211209081810.0
008 170404s1995 ii a|||| |||| 000 0 eng d
035 _a(BD-RjUL)68885
040 _aBD-RjUL
_beng
_cBD-RjUL
_dBD-RjUL
041 _aeng
082 _223
_a581.6
_bPRE 1995
100 1 _aPradhan, Sudhir
_9203545
245 1 0 _aEconomic Botany /
_cSudhir Pradhan
260 _aNew Delhi :
_bHar-Anand Publications,
_c1995
300 _a408 p. :
_bill. ;
_c19 cm.
650 _aEconomic botany
_9203203
942 _2ddc
_cBK
999 _c68675
_d68675